=LDR 00000nam 2200000 4500 =001 001062 =005 20250713090325 =035 ##$$a 0010-0725000943 =007 ta =008 250713################a##########0#ind## =020 ##$$a 978-623-307-348-6 =082 ##$$a 398.209 598 =084 ##$$a 398.209 598 PAN s =100 #$$a Saanvi pant =245 1#$$a Sonu belajar makan buah /$c Saanvi pant =250 ##$$a Cetakan Pertama =260 ##$$a Rawamangun :$b Badan Pengembangan dan Pembinaan Bahasa,$c 2022 =300 ##$$a 20 hlm. : $b Ilus. ; $c 21 cm. =650 #4$$a Cerita Anak Indonesia - Terjemahan =650 #4$$a Literasi - Bahan bacaan =856 ##$$a TBM AS SUHADA